Pharmacokinetic profiling in drug research : (Record no. 13351)
[ view plain ]
| 000 -LEADER | |
|---|---|
| fixed length control field | 01358cam a22003254a 4500 |
| 003 - CONTROL NUMBER IDENTIFIER | |
| control field | OSt |
| 005 - DATE AND TIME OF LATEST TRANSACTION | |
| control field | 20140310182430.0 |
| 008 - FIXED-LENGTH DATA ELEMENTS--GENERAL INFORMATION | |
| fixed length control field | 060613s2006 sz a b 101 0 eng c |
| 016 7# - NATIONAL BIBLIOGRAPHIC AGENCY CONTROL NUMBER | |
| Record control number | 101269005 |
| Source | DNLM |
| 020 ## - INTERNATIONAL STANDARD BOOK NUMBER | |
| International Standard Book Number | 3906390357 |
| 050 00 - LIBRARY OF CONGRESS CALL NUMBER | |
| Classification number | RM 301.5 |
| Item number | .T342 2006 |
| 100 ## - MAIN ENTRY--PERSONAL NAME | |
| Personal name | Testa, Bernard |
| 9 (RLIN) | 8375 |
| 111 2# - MAIN ENTRY--MEETING NAME | |
| Meeting name or jurisdiction name as entry element | Lipophilicity Symposium |
| Number of part/section/meeting | (3rd : |
| Date of meeting | 2004 : |
| Location of meeting | Swiss Federal Institute of Technology) |
| 9 (RLIN) | 8376 |
| 245 10 - TITLE STATEMENT | |
| Title | Pharmacokinetic profiling in drug research : |
| Remainder of title | biological, physicochemical, and computational strategies / |
| Statement of responsibility, etc | Bernard Testa ... [et al.], (eds.). |
| 260 ## - PUBLICATION, DISTRIBUTION, ETC. (IMPRINT) | |
| Place of publication, distribution, etc | Z��urich : |
| Name of publisher, distributor, etc | Verlag Helvetica Chimica Acta ; |
| Place of publication, distribution, etc | Weinheim : |
| Name of publisher, distributor, etc | Wiley-VCH, |
| Date of publication, distribution, etc | c2006. |
| 300 ## - PHYSICAL DESCRIPTION | |
| Extent | xii, 493 p. : |
| Other physical details | ill. ; |
| Accompanying material | 1 CD-ROM (4 3/4 in.) |
| 562 ## - COPY AND VERSION IDENTIFICATION NOTE | |
| Number of copies | 1 |
| 650 #0 - SUBJECT ADDED ENTRY--TOPICAL TERM | |
| Topical term or geographic name as entry element | Pharmacokinetics |
| Form subdivision | Congresses. |
| 9 (RLIN) | 8377 |
| 650 #0 - SUBJECT ADDED ENTRY--TOPICAL TERM | |
| Topical term or geographic name as entry element | Drugs |
| General subdivision | Research |
| Form subdivision | Congresses. |
| 9 (RLIN) | 8378 |
| 650 12 - SUBJECT ADDED ENTRY--TOPICAL TERM | |
| Topical term or geographic name as entry element | Chemistry, Pharmaceutical |
| Form subdivision | Congresses. |
| 9 (RLIN) | 8379 |
| 650 22 - SUBJECT ADDED ENTRY--TOPICAL TERM | |
| Topical term or geographic name as entry element | Lipids |
| General subdivision | chemistry |
| Form subdivision | Congresses. |
| 9 (RLIN) | 8380 |
| 650 22 - SUBJECT ADDED ENTRY--TOPICAL TERM | |
| Topical term or geographic name as entry element | Pharmacokinetics |
| Form subdivision | Congresses. |
| 9 (RLIN) | 8381 |
| 650 22 - SUBJECT ADDED ENTRY--TOPICAL TERM | |
| Topical term or geographic name as entry element | Research |
| General subdivision | methods |
| Form subdivision | Congresses. |
| 9 (RLIN) | 8382 |
| 653 1# - INDEX TERM--UNCONTROLLED | |
| Uncontrolled term | Lipophilicity |
| 700 1# - ADDED ENTRY--PERSONAL NAME | |
| Personal name | Testa, Bernard. |
| 9 (RLIN) | 8383 |
| 856 41 - ELECTRONIC LOCATION AND ACCESS | |
| Materials specified | Table of contents only |
| Uniform Resource Identifier | <a href="http://www.loc.gov/catdir/toc/fy0611/2006296623.html">http://www.loc.gov/catdir/toc/fy0611/2006296623.html</a> |
| 856 42 - ELECTRONIC LOCATION AND ACCESS | |
| Materials specified | Publisher description |
| Uniform Resource Identifier | <a href="http://www.loc.gov/catdir/enhancements/fy0653/2006296623-d.html">http://www.loc.gov/catdir/enhancements/fy0653/2006296623-d.html</a> |
| 942 ## - ADDED ENTRY ELEMENTS (KOHA) | |
| Source of classification or shelving scheme | Library of Congress Classification |
| Koha item type | |
| Withdrawn status | Lost status | Source of classification or shelving scheme | Damaged status | Home library | Current library | Shelving location | Date acquired | Total Checkouts | Full call number | Barcode | Date last seen | Copy number | Price effective from | Koha item type |
|---|---|---|---|---|---|---|---|---|---|---|---|---|---|---|
| Library of Congress Classification | South SEED-LPDH College Library | South SEED-LPDH College Library | South SEED-LPDH College Section | 06/27/2012 | RM 301.5 .T342 2006 | SSLC0470 | 05/15/2018 | 1 | 11/06/2013 | Books |